Kukurnechiya manuh/ (Record no. 11229)

MARC details
000 -LEADER
fixed length control field 00464nam a22001817a 4500
005 - DATE AND TIME OF LATEST TRANSACTION
control field 20211115102648.0
008 - FIXED-LENGTH DATA ELEMENTS--GENERAL INFORMATION
fixed length control field 211115b ||||| |||| 00| 0 eng d
040 ## - CATALOGING SOURCE
Original cataloging agency IN-DiNC
Transcribing agency IN-DiNC
041 ## - LANGUAGE CODE
Language code of sung or spoken text Assamese
082 ## - DEWEY DECIMAL CLASSIFICATION NUMBER
Classification number 891.4512
Item number SAR
100 ## - MAIN ENTRY--PERSONAL NAME
Personal name Sarma, Arun
Relator term Author
245 ## - TITLE STATEMENT
Title Kukurnechiya manuh/
Statement of responsibility, etc. by Arun Sarma
250 ## - EDITION STATEMENT
Edition statement 1st ed.
260 ## - PUBLICATION, DISTRIBUTION, ETC.
Place of publication, distribution, etc. Guwahati:
Name of publisher, distributor, etc. Banalata,
Date of publication, distribution, etc. 2017
300 ## - PHYSICAL DESCRIPTION
Extent 44p.
650 ## - SUBJECT ADDED ENTRY--TOPICAL TERM
Topical term or geographic name entry element Assamese drama by Arun Sarma
942 ## - ADDED ENTRY ELEMENTS (KOHA)
Source of classification or shelving scheme Dewey Decimal Classification
Koha item type Books
Holdings
Withdrawn status Lost status Source of classification or shelving scheme Damaged status Not for loan Collection code Home library Current library Shelving location Date acquired Cost, normal purchase price Total Checkouts Full call number Barcode Date last seen Date last checked out Copy number Price effective from Koha item type
    Dewey Decimal Classification     Assamese Central Library, Naharkatiya College Central Library, Naharkatiya College General Stacks 15/11/2021 60.00 13 891.4512 SAR 28649 28/09/2024 05/09/2024 1 15/11/2021 Books
    Dewey Decimal Classification     Assamese Central Library, Naharkatiya College Central Library, Naharkatiya College General Stacks 15/11/2021 60.00 5 891.4512 SAR 28650 19/09/2024 20/08/2024 2 15/11/2021 Books
    Dewey Decimal Classification     Assamese Central Library, Naharkatiya College Central Library, Naharkatiya College General Stacks 15/11/2021 60.00   891.4512 SAR 28651 15/11/2021   3 15/11/2021 Books

Naharkatiya College © 2020. All rights reserved.

Powered By